Geography Quiz

Random Geography or State Quiz

States With The Highest Average Elevation Quiz Stats

 Plays Quiz not verified by Sporcle

Score 0/10 Timer 03:00
0 Plays Today
State % Correct
Colorado
98.9%
Wyoming
91.6%
Utah
88.3%
New Mexico
81%
Idaho
72.6%
Nevada
72.1%
Montana
68.2%
Arizona
67.3%
Oregon
56.7%
Hawaii
43.3%

You're not logged in!

Compare scores with friends on all Sporcle quizzes.
OR
Log In

Show Comments

Extras

Top Quizzes Today


Score Distribution

Your Account Isn't Verified!

In order to create a playlist on Sporcle, you need to verify the email address you used during registration. Go to your Sporcle Settings to finish the process.

Report this User

Report this user for behavior that violates our Community Guidelines.

Details: